| 000 | 00950 a2200445 4500 | ||
|---|---|---|---|
| 000 | BKB | ||
| 001 | 071705 | ||
| 005 | 20200902151044.0 | ||
| 008 | |||
| 010 | _a | ||
| 020 | _a | ||
| 082 |
_a515.83 _bK55T |
||
| 100 | 1 | _aKilbas, Anatoly A. | |
| 110 | _a | ||
| 245 | 1 |
_aTheory and applications of fractional differential equations _cby Anatoly A. Kilbas and Hari M. Srivastava |
|
| 250 | _a | ||
| 260 |
_aAmsterdam _bElsevier _c2006 |
||
| 300 | _a523p. | ||
| 490 |
_a _v |
||
| 500 | _a | ||
| 600 | _a | ||
| 610 | _a | ||
| 611 | _a | ||
| 630 | _a | ||
| 650 | _a | ||
| 651 | _a | ||
| 654 | _a | ||
| 690 | _aDifferential equations; Fractional calculus | ||
| 700 |
_aSrivastava, Hari M. _b _c |
||
| 710 |
_a _b _c |
||
| 711 | _a | ||
| 720 | _a | ||
| 730 | _a | ||
| 740 | _a | ||
| 752 | _a | ||
| 856 |
_a _d _f |
||
| 904 | _a | ||
| 964 |
_a _b _c _d _e _f _g |
||
| 965 | _a | ||
| 999 |
_c4989 _d4989 |
||